| 000 | 00752cam a22002294a 4500 | ||
|---|---|---|---|
| 999 |
_c10385 _d10385 |
||
| 001 | 12437965 | ||
| 003 | OSt | ||
| 005 | 20230531120829.0 | ||
| 008 | 010609s2002 ilua b 001 0 eng | ||
| 020 | _a0880118806 | ||
| 040 |
_aDDC _cGU _dTOD _bENG |
||
| 082 | 0 | 0 | _a613.71 MCE |
| 100 | 1 |
_aMcElroy, Mary, _d1952- |
|
| 245 | 1 | 0 |
_aResistance to exercise : _ba social analysis of inactivity / _cMary McElroy. |
| 260 |
_aChampaign, IL : _bHuman Kinetics, _cc2002. |
||
| 300 |
_ax, 349 p. : _bill. ; _c24 cm. |
||
| 504 | _aIncludes bibliographical references (p. 301-337) and index. | ||
| 650 | 0 |
_aExercise _xSocial aspects. |
|
| 650 | 0 |
_aPhysical fitness _xSocial aspects. |
|
| 650 | 0 |
_aPhysical education and training _xSocial aspects. |
|
| 942 |
_2ddc _cBOOK |
||